[Event "Sigeman & Co 09th"]
[Site "Malmo"]
[Date "2001.06.16"]
[Round "5"]
[White "Wedberg, Tom Birger"]
[Black "Timman, Jan H"]
[Result "1-0"]
[WhiteElo "2505"]
[BlackElo "2620"]
[Annotator "Wedberg,T"]
[PlyCount "85"]
[EventDate "2001.06.12"]
[EventType "tourn"]
[EventRounds "9"]
[EventCountry "SWE"]
[EventCategory "13"]
[SourceTitle "CBM 084"]
[Source "ChessBase"]
[SourceDate "2001.09.13"]
[SourceVersion "1"]
[SourceVersionDate "2001.09.13"]
[SourceQuality "1"]

1. e4 e5 2. Nf3 Nc6 3. Bb5 a6 4. Ba4 Nf6 5. O-O Bc5 6. c3 b5 7. Bc2 d6 (7... d5
{is the main alternative, but a recent game has put White on top again.} 8. d4
dxe4 9. Nxe5 Nxe5 10. dxe5 Qxd1 11. Rxd1 Ng4 12. Bxe4 Nxf2 13. Bc6+ Ke7 14. Rd5
Bb6 15. Bg5+ $5 $146 (15. Bxa8 Nd3+ 16. Kf1 Nxc1 17. Na3 Be6 18. Rxc1 Rxa8 $44
{1/2-1/2 Zhang Zhong-Onischuk,A/Beijing 2000/CBM 78 (40)}) 15... f6 16. exf6+
gxf6 17. Bh4 Ng4+ 18. Kh1 Rb8 19. Nd2 Be6 20. Rh5 $36 {Svidler,P-Grischuk,A/
Biel 2001/1-0 (33)}) 8. d4 {Very natural, but not clearly the best. White has
done quite well with the slower approach of moving the d-P one step at the
time.} (8. a4 Bg4 9. h3 Bh5 10. d3 O-O 11. Nbd2 b4 (11... d5 $5 12. axb5 axb5
13. Rxa8 Qxa8 14. exd5 Nxd5 15. Ne4 Bb6 16. Ng3 Bg6 $11 {0-1 Garcia,G-Benjamin,
J/Toronto 1998/CBM 65 ext (62)}) 12. a5 Rb8 13. g4 Bg6 14. Nc4 bxc3 15. bxc3
Qc8 16. Ba4 Na7 17. Be3 Bxe3 18. Nxe3 c6 19. Qd2 Qc7 20. c4 $14 {1-0 Anand,
V-Adams,M/New Delhi/Theran 2000/CBM 81/[Wedberg] (36)}) 8... Bb6 9. h3 (9. a4 {
is also quite logical} Bg4 10. axb5 axb5 11. Rxa8 Qxa8 12. h3 Bh5 13. d5 Na7
14. Bg5 Nd7 15. Na3 O-O 16. Qe2 Rb8 17. Rd1 Qb7 18. b4 $14 {1-0 Hracek,
Z-Slobodjan,R/Lippstadt 2000/CBM 78/[Wedberg] (27)}) 9... Bb7 10. a3 {
Preventing any simplification based on exd4 and Nb4, but it should probably
just lead back to the main line after Re1. White's plan is to reinforce the
centre and mobilize the pieces behind it keeping as many options alive as
possible - that is basically the standard plan in most closed Ruy Lopez
variations.} (10. Re1 O-O 11. Be3 Re8 12. Nbd2 h6 13. a3 {White has had some
nice experiences from this starting-point, but the position certainly looks
playable for Black.} Na7 (13... Ba7 14. b4 Nd7 15. Nb3 Bb6 16. Bd3 f5 17. exf5
e4 18. d5 exf3 19. dxc6 Bxc6 20. Bxb6 Rxe1+ 21. Qxe1 Nxb6 22. Nd4 {1-0
Rytshagov,M-Ziegler,A/Gothenburg 1998/CBM 63 (31)}) 14. a4 exd4 15. cxd4 c5 16.
d5 $1 Nc8 17. axb5 axb5 18. Rxa8 Bxa8 19. b3 $14 {1/2-1/2 Galkin,A-Emms,J/
Batumi 1999/CBM 74/[Wedberg] (74)}) 10... O-O 11. Be3 {Neutralizing Bb6.} (11.
Bg5 h6 12. Bh4 Qe7 13. Qd3 Nb8 14. Nbd2 c5 15. b3 cxd4 16. cxd4 Nbd7 17. b4
Rfc8 $132 {0-1 Polgar,S-Segal,A/Israel 1999/EXT 2000 (35)}) 11... Nd7 $5 {
Protects against d5, but also releases the pressure on White's centre.} (11...
Re8 12. Nbd2 h6 13. Re1 {is the comment to White's 10th.}) 12. Nbd2 Ne7 {
[%cal Yc7c5,Yd6d5,Yf7f5] Retreating the N:s gives Black a very flexible
position with of a number of possible P-thrusts. On the other hand are the N:s
slightly passive if the position opens up.} 13. b4 (13. Re1 c5 $1 $132) 13...
d5 $6 {[%cal Yc2h7] Slightly risky, since White now can use all his minor
pieces against Black's K.} (13... c5 $5 14. bxc5 dxc5 15. d5 c4 (15... f5 $6
16. exf5 Bxd5 17. c4 bxc4 18. Ne4 Rxf5 19. Bg5 $36) (15... Ba5 $5) 16. Qe2 Bxe3
17. Qxe3 $13) 14. Re1 (14. Nxe5 Nxe5 15. dxe5 Bxe3 16. fxe3 dxe4 17. Bxe4 Bxe4
18. Nxe4 Ng6 $44) 14... dxe4 (14... f5 $6 15. exf5 e4 16. Ng5 Rxf5 17. Bb3 $16)
(14... exd4 15. Nxd4 dxe4 16. Nxe4 $14) 15. Nxe4 Nd5 (15... Nf5 16. Nc5 Nxe3
17. Rxe3 Bxc5 18. dxc5 $14) 16. Bg5 $1 f6 17. Bh4 $16 {Black's main problem is
the lack of defenders on the K-side and the weak white squares around the K.}
Re8 $2 (17... exd4 18. Nxd4 Re8 19. Qh5 Nf8 20. Nf5 Ng6 21. Rad1 $36) (17... g5
$2 18. Nfxg5 fxg5 19. Nxg5 $40) 18. dxe5 Kh8 (18... Nxe5 $2 19. Nxe5 Rxe5 20.
Nxf6+ $1 $18) 19. exf6 N7xf6 20. Nxf6 Nxf6 21. Ne5 Qd5 22. Qxd5 Bxd5 23. Rad1
c6 24. Bxf6 gxf6 25. Nd7 $18 Rxe1+ 26. Rxe1 Bd8 27. Be4 Rc8 (27... Bxe4 28.
Rxe4 Kg7 29. Re8 Kf7 30. Rh8 Kg7 31. Rf8 $1 $18) 28. Nc5 (28. Bxd5 $1 cxd5 29.
Re8+ Kg7 30. Nc5 $18) 28... Bf7 29. Rd1 Be8 30. Bf5 Ra8 31. Re1 Bb6 32. Re7
Bxc5 33. bxc5 h5 34. Bd7 $6 (34. Rc7 $142 Rd8 35. Be4 $18) 34... Bxd7 35. Rxd7
Re8 $132 36. Rd6 Re1+ 37. Kh2 Kg7 (37... Ra1 $142 38. Rxf6 Rxa3 39. Rxc6 Rxc3
40. Rxa6 Rxc5 {and I think White should win fairly comfortably after} 41. Kg3
$18) 38. Rxc6 $18 Rc1 39. Rxa6 Rxc3 40. c6 Kg6 41. g3 h4 42. g4 f5 43. c7+ $1 (
43. c7+ Kg5 44. Ra8 Rxc7 45. Rg8+ Kh6 46. Rh8+ Kg6 47. Rxh4 Rc3 48. Rh5 $18)
1-0

[Event "SWE-ch"]
[Site "Skara"]
[Date "2002.07.01"]
[Round "2"]
[White "Ernst, Thomas"]
[Black "Hector, Jonny"]
[Result "0-1"]
[WhiteElo "2471"]
[BlackElo "2513"]
[Annotator "Wedberg,T"]
[PlyCount "60"]
[EventDate "2002.06.30"]
[EventType "tourn"]
[EventRounds "13"]
[EventCountry "SWE"]
[EventCategory "9"]
[SourceTitle "CBM 091"]
[Source "ChessBase"]
[SourceDate "2002.11.12"]
[SourceVersion "1"]
[SourceVersionDate "2002.11.12"]
[SourceQuality "1"]

1. e4 e5 2. Nf3 Nc6 3. Bb5 a6 4. Ba4 Nf6 5. O-O b5 6. Bb3 Bb7 7. c3 Nxe4 8. d4
Na5 9. Bc2 exd4 10. b4 Nc4 11. Bxe4 Bxe4 12. Re1 d5 13. Qxd4 (13. Nxd4 {
is the critical line. White wins a piece, but Black has a lot of compensation
since White finds it almost impossible to develop his Q side. Here is a
compilation of some lines, but Black seems OK.} c5 14. bxc5 Bxc5 15. f3 O-O 16.
fxe4 dxe4 17. Rxe4 Qd5 18. Rf4 (18. Qf3 Ne5 19. Qf5 Rae8 20. Nd2 b4 21. Bb2 (
21. Rh4 g6 22. Ne4 $1 Bxd4+ 23. cxd4 Qxd4+ 24. Qf2 Qd1+ 25. Qf1 Qd4+ 26. Qf2
Qd1+ $11 {0-1 Hellers,F-Shirov,A/Stockholm 1990/CBM 22/[Schussler] (41)}) 21...
g6 22. Qf4 (22. Qf2 f5 23. Rxe5 {1/2-1/2 Luther,T-Topalov,V/Copenhagen PC 1991/
EXT 91op}) 22... bxc3 23. Bxc3 Nc6 24. Kh1 Nxd4 25. Rxd4 Bxd4 26. Bxd4 (26.
Qxd4 Qxd4 27. Bxd4 Re2 $15) 26... f5 27. Nf3 Re4 28. Qd2 Rfe8 29. Rd1 $13)
18... Rad8 19. Nd2 Ne3 (19... g5 $2 20. Ne4 f5 21. Nxg5 b4 22. Nxh7 $18 {
1-0 Horvath,A-Vujosevic,V/Paks 1998/EXT 99 (48). (47)}) 20. Qf3 Nc2 21. Rb1
Nxd4 22. cxd4 Bxd4+ 23. Kh1 Qxa2 $132) 13... Be7 14. Qxg7 Kd7 $1 $146 {[%mdl 8]
A radical but satisfactory solution. The K steers for safety on the Q-side
while keeping maximal flexibility as to how the attack is going to be
conducted on the other side of the board. White´s main problem is the
undevelopped Q side and weak c3-P.} (14... Bf6 15. Qh6 Rg8 16. a4 Kd7 17. Qf4
Qe7 18. Nbd2 Nxd2 19. Bxd2 Qe6 $13 {1/2-1/2 Ulibin,M-Malaniuk,V/Budapest 1989/
TD (36). (36)}) 15. Qxf7 (15. Nbd2 Nxd2 16. Nxd2 Rg8 $17) 15... Qe8 $1 {
Black has all his bits and pieces out, so exchanging White´s only active piece
must be a good thing.} 16. Qxe8+ (16. Qf4 Qg6 $40 {[%cal Ya8f8,Yh8g8,Ye7d6]})
16... Raxe8 17. Nbd2 $6 (17. Nfd2 $142 Bf6 (17... Bd3 $15) 18. Nxe4 Rxe4 19.
Rxe4 dxe4 $15) 17... Bxf3 $1 18. Nxc4 (18. Nxf3 Bf6 19. Rd1 Bxc3 20. Rb1 c6 $17
) 18... Bxb4 $3 {[%mdl 64] A real eye opener. It's now clear that White is in
major difficulties.} 19. Bb2 (19. Ne5+ Rxe5 20. Rxe5 Bxc3 $19) (19. Bd2 $142
Rhg8 20. Rxe8 Kxe8 21. Re1+ Be7 (21... Kd8 $2 22. Ne5 Rxg2+ 23. Kf1 Bc5 24. Be3
$18) 22. Ne3 Be4 $17) (19. Rxe8 {this is the key line} Rxe8 20. gxf3 Re1+ 21.
Kg2 Bxc3 22. Nb2 Rxc1 23. Rxc1 Bxb2 24. Rc2 Bf6 $17 {[%cal Yc7c5,Yb5b4,Ya6a5,
Ya5a4,Yb4b3,Yd5d4,Yc5c4] It´s raining P:s.}) 19... Rhg8 20. Rxe8 Kxe8 21. Re1+
Kd8 22. g3 (22. Ne5 Rxg2+ 23. Kf1 Bc5 $19) 22... Bxc3 $1 23. Bxc3 bxc4 $19 24.
Bf6+ Kd7 25. Re3 Be4 26. Ra3 Rf8 27. Rxa6 Rxf6 $1 28. Rxf6 c3 29. Rf7+ Kc8 30.
Rf6 d4 0-1

[Event "Corus-B"]
[Site "Wijk aan Zee"]
[Date "2000.01.30"]
[Round "11"]
[White "Nijboer, Friso"]
[Black "Onischuk, Alexander"]
[Result "0-1"]
[WhiteElo "2540"]
[BlackElo "2637"]
[Annotator "Wedberg,T"]
[PlyCount "80"]
[EventDate "2000.01.18"]
[EventType "tourn"]
[EventRounds "11"]
[EventCountry "NED"]
[EventCategory "11"]
[SourceTitle "CBM 075"]
[Source "ChessBase"]
[SourceDate "2000.04.05"]
[SourceVersion "1"]
[SourceVersionDate "2000.04.05"]
[SourceQuality "1"]

1. e4 {Hecht} e5 2. Nf3 Nc6 3. Bb5 a6 4. Ba4 Nf6 5. O-O Bc5 6. c3 b5 7. Bb3 d6
8. a4 Bg4 9. d3 O-O 10. Nbd2 Na5 11. h3 Bh5 12. axb5 {A new move but no
improvement.} (12. Ba2 b4 13. Re1 Rb8 14. g4 Bg6 15. Nf1 b3 16. Bb1 Re8 17. Bg5
d5 18. d4 $36 {1-0 Socko,B-Onischuk,A/Koszalin 1999/CBM 73 no vc (35)}) 12...
axb5 13. Ba2 b4 14. d4 $6 {This simply does not work. Black gets the advantage.
} (14. g4 $142) 14... bxc3 $1 {The refutation.} (14... exd4 15. cxd4 Bxd4 $2
16. g4 $18) 15. dxc5 (15. bxc3 $2 exd4 16. cxd4 Bxd4 $17) 15... cxd2 16. Bxd2
Nc6 {[%cal Rf6e4,Yh5d1,Yc6d4] White cannot guard all his weaknesses.} (16...
Nxe4 17. Bxa5 Rxa5 18. Bxf7+ Rxf7 19. Rxa5 Bxf3 20. gxf3 Nxc5 $13) 17. cxd6 (
17. Re1 dxc5 $17) (17. Bg5 $5 Nb4 18. Bc4 Rxa1 19. Qxa1 Bxf3 20. gxf3 dxc5 $15)
17... Qxd6 18. Be3 Nb4 $1 {Winning a P.} 19. Qxd6 cxd6 20. Bb3 Nxe4 $17 21.
Rxa8 Rxa8 22. Rd1 Kf8 23. g4 Bg6 24. Nh4 f6 25. Nxg6+ hxg6 26. h4 (26. f3 Nc5
27. Bxc5 dxc5 28. Rd7 Ra1+ 29. Kg2 Rb1 $17) 26... Rc8 27. Ra1 d5 28. Ra4 Rb8
29. Ba7 Rb5 30. Bxd5 Nxd5 31. Rxe4 Rxb2 {Hecht: '[#] Bauern auf einem Flügel
mit dem Springer als der besseren Leichtfigur und weißen Bauernschwächen.'} 32.
Rc4 Kf7 33. Rc8 Rb4 34. f3 Ra4 35. Rd8 Ke6 36. Bf2 Ra1+ 37. Kg2 Nf4+ 38. Kh2
Rf1 {'-+' Hecht.} 39. Rd2 Kf7 40. Ra2 (40. Kg3 {Hecht} Rh1 41. Be3 Rh3+ 42. Kf2
Rxh4 43. Bxf4 exf4 44. Rd7+ Kg8 45. Kg2 Rh8 $19) 40... Nd3 0-1

[Event "Corus"]
[Site "Wijk aan Zee"]
[Date "2001.01.22"]
[Round "8"]
[White "Topalov, Veselin"]
[Black "Anand, Viswanathan"]
[Result "1/2-1/2"]
[WhiteElo "2718"]
[BlackElo "2790"]
[Annotator "Wedberg,T"]
[PlyCount "67"]
[EventDate "2001.01.13"]
[EventType "tourn"]
[EventRounds "13"]
[EventCountry "NED"]
[EventCategory "19"]
[SourceTitle "CBM 081"]
[Source "ChessBase"]
[SourceDate "2001.03.20"]
[SourceVersion "1"]
[SourceVersionDate "2001.03.20"]
[SourceQuality "1"]

1. e4 e5 2. Nf3 Nc6 3. Bb5 a6 4. Ba4 Nf6 5. O-O Bc5 6. c3 b5 7. Bc2 d5 $5 8. d4
dxe4 9. Nbd2 $146 {[%mdl 8] A surprising move - it certainly smells like
preparation.} (9. Nxe5 Nxe5 10. dxe5 Qxd1 11. Rxd1 Ng4 12. Bxe4 Nxf2 (12... Rb8
13. Bc6+ Ke7 14. Bg5+ Ke6 15. Bh4 Nxe5 16. Bd5+ Kf5 17. Nd2 Bb7 18. Ne4 Bb6 19.
Ng3+ Kg6 20. Bb3 f6 $13 {1-0 Shirov,A-Ivanchuk,V/Monte Carlo 1998/CBM 63 ext 
(57)}) 13. Bc6+ Ke7 14. Rd5 Bb6 15. Bxa8 Nd3+ (15... Be6 16. Rd4 $1 $18 {
1-0 Lutz,C-Onischuk,A/Germany 1996/GER-chT (44)}) 16. Kf1 Nxc1 17. Na3 Be6 18.
Rxc1 Rxa8 19. Rd3 Bf5 20. Rdd1 Bg4 21. Rd3 Bf5 22. Rdd1 Bg4 {1/2-1/2 Mariano,
N-Onischuk,A/Jakarta 1997/CBM 58 ext (22)}) (9. dxc5 Qxd1 10. Bxd1 exf3 11.
Bxf3 Bb7 12. b4 (12. a4 b4 $5 $132 {1/2-1/2 De Firmian,N-Benjamin,J/Salt Lake
City 1999/CBM 73/[Wedberg] (29)}) 12... e4 (12... a5 13. Na3 $36) 13. Be2 O-O
14. a4 bxa4 15. Rd1 Ne5 16. Bf4 Rfe8 17. c4 Re7 18. Nc3 $14 {1/2-1/2 Rowson,
J-Benjamin,J/Edmondton 2000/EXT 2001 (54)}) 9... exf3 (9... exd4 10. Nxe4 $36)
10. Qxf3 Be7 11. Qxc6+ Bd7 12. Qf3 exd4 13. cxd4 O-O {Black has defused
White's opening initaitive.} 14. Ne4 Be6 15. Nxf6+ $6 (15. Rd1 $5) 15... Bxf6
16. Be4 Bxd4 $1 {[%mdl 512] A beautiful exchange sacrifice. Black can never be
worse after this. His pressure against White's queen-side and the strong B on
d4 assures that.} (16... Rb8 17. d5 $36) 17. Rd1 (17. Bxa8 Qxa8 18. Qxa8 Rxa8
19. Bf4 c5 $44) 17... c5 18. Bxa8 Qxa8 19. Be3 $5 (19. Qxa8 Rxa8 20. Be3 Bxb2
21. Rab1 Bf6 $17) 19... Qxf3 20. gxf3 Bxb2 21. Bxc5 Rc8 {It's important for
Black to keep his R. With R and the pair of Bs he can play against the white K.
} 22. Rab1 h6 23. Bb4 (23. Rxb2 Rxc5 $15 {Black has an easier game. White has
to guard all his weaknesses, including the K.}) 23... Be5 24. a3 Rc6 25. Rbc1
Bc4 26. Rd8+ Kh7 27. Re1 Bc7 28. Rd7 (28. Rc8 $4 Bxh2+ $19) 28... Be6 29. Rd3
Bf5 30. Rd5 Bh3 31. Kh1 Rf6 32. Rd3 Be6 (32... Bb6 $6 33. Rd6 $1 Rxd6 34. Bxd6
Bxf2 35. Re8 {Should be OK for White. The R is the dominating piece.}) 33. Bc3
Rf5 34. Rxe6 $1 (34. Rxe6 fxe6 35. Rd7 Be5 36. Bxe5 Rxe5 37. Ra7 $11) 1/2-1/2

[Event "Corus-B"]
[Site "Wijk aan Zee"]
[Date "2000.01.20"]
[Round "3"]
[White "Nijboer, Friso"]
[Black "Van der Wiel, John"]
[Result "0-1"]
[WhiteElo "2540"]
[BlackElo "2558"]
[Annotator "Wedberg,T"]
[PlyCount "74"]
[EventDate "2000.01.18"]
[EventType "tourn"]
[EventRounds "11"]
[EventCountry "NED"]
[EventCategory "11"]
[SourceTitle "CBM 075"]
[Source "ChessBase"]
[SourceDate "2000.04.05"]
[SourceVersion "1"]
[SourceVersionDate "2000.04.05"]
[SourceQuality "1"]

1. e4 e5 2. Nf3 Nc6 3. Bb5 a6 4. Ba4 Nf6 5. O-O b5 6. Bb3 Bc5 7. c3 d6 8. a4
Bb7 9. d4 Bb6 10. Bg5 {Compared to the old main line of the Archangel White
has played a4 instead of Re1. Consequently White directs his attention mainly
to the Q-side.} h6 11. Bxf6 (11. Bh4 $2 g5 $17) 11... Qxf6 12. Bd5 O-O 13. Na3
exd4 $146 (13... Rfb8 14. Nc2 exd4 (14... bxa4 15. Rxa4 a5 16. Re1 Re8 17. Ne3
Rab8 18. Ng4 Qg6 19. Nh4 Qg5 20. Nf5 $14 {1-0 Wahls,M-Stern,R/Binz 1995/CBM 50
ext (61)}) 15. cxd4 Re8 16. Qd3 bxa4 17. Rxa4 $14 {1-0 Acs,P-Fedorchuk,S/
Oropesa del Mar 1998/CBM 67 ext (39)}) 14. cxd4 Ra7 15. Nc2 (15. axb5 axb5 16.
Nxb5 Rxa1 17. Qxa1 Nxd4 18. Nbxd4 Bxd5 19. exd5 Bxd4 $11) 15... bxa4 16. Rxa4
a5 $14 {Black has defended his Q-side, but White has a freer game.} 17. Re1 Rd8
18. b4 $6 {Ambitious but dubious. A slower approach was perfectly plausible.}
axb4 19. Rxa7 Bxa7 20. Ne3 $6 $15 (20. Bxc6 Bxc6 21. Nxb4 Bb7 22. Nd5 Bxd5 23.
exd5 Bb6 24. Qa4 $11) 20... Bb6 21. Qc1 Nxd4 $1 {The rebuttal.} (21... Na5 22.
Bxb7 Nxb7 23. Nd5 Qe6 24. Nxb6 cxb6 25. Qc7 Rd7 26. Qxb6 $14) 22. Bxb7 Nxf3+
23. gxf3 Qxf3 $40 {Black has three P:s and a lot of play for the N.} 24. Bd5
Re8 25. Qd1 Qf4 26. Qe2 Rb8 (26... Re5 $40) 27. Ng2 Qf6 28. Rb1 c6 29. Bxc6 b3
30. Bd5 b2 31. Kf1 (31. Ne1 $142 Bd4 32. Nd3) 31... Bd4 32. Ne3 Qf4 33. Qd3 Rc8
$1 34. Ke2 Rc1 35. Ba2 Be5 (35... Bxe3 $1 $19) 36. Nf5 $2 Qg4+ $19 37. Qf3 Rc2+
0-1

[Event "Dos Hermanas 10th"]
[Site "Dos Hermanas"]
[Date "1999.04.13"]
[Round "6"]
[White "Topalov, Veselin"]
[Black "Anand, Viswanathan"]
[Result "1/2-1/2"]
[WhiteElo "2700"]
[BlackElo "2781"]
[Annotator "Wedberg,T"]
[PlyCount "50"]
[EventDate "1999.04.06"]
[EventType "tourn"]
[EventRounds "9"]
[EventCountry "ESP"]
[EventCategory "19"]
[SourceTitle "CBM 071"]
[Source "ChessBase"]
[SourceDate "1999.08.01"]
[SourceVersion "1"]
[SourceVersionDate "1999.08.01"]
[SourceQuality "1"]

1. e4 e5 2. Nf3 Nc6 3. Bb5 a6 4. Ba4 Nf6 5. O-O Bc5 6. c3 b5 7. Bc2 d6 8. a4
Bg4 9. b4 Bb6 10. h3 Bd7 $146 {Retreating the other way takes away the danger
of ending up with the B on g6 after a later g4 from White. On the other hand
it also releases the pressure against Nf3, giving White more possibilities for
central play with d4.} (10... Bh5 {--> Illescas Cordoba,M-Adams,M/Dos Hermanas
1999}) 11. d3 {Solid but a bit placid, White could have tried for sharper
things.} (11. Na3 $5 {If White can lure the N away from c6 then d4 becomes a
possibility.} O-O 12. Bb2 (12. Rb1 $5 {threatening to take on b5} bxa4 (12...
Ne7 13. d4 $36) 13. Re1 Ne7 (13... a5 14. b5 Ne7 15. d4 $36) 14. Bxa4 Bxa4 15.
Qxa4 $14) 12... Qe7 13. Re1 $14) 11... h6 12. axb5 axb5 13. Rxa8 Qxa8 14. Na3
Qa6 15. Bb2 (15. Nxb5 Qxb5 16. Ba4 Qa6 17. b5 Qb7 $11) 15... O-O 16. Qd2 Ne7
17. d4 Ng6 (17... Bc6 $5 18. dxe5 Nxe4 19. Bxe4 Bxe4 20. exd6 cxd6 21. Re1 d5
$11) 18. dxe5 dxe5 19. c4 $1 $36 bxc4 20. Nxe5 Nxe5 21. Bxe5 Be6 $1 (21... Qxa3
$4 22. Ra1 $18) (21... Bxh3 $2 22. Bxf6 gxf6 (22... Qxa3 23. Bc3 $18) 23. Nb1
$40 (23. Qxh6 $40)) 22. Qc3 $1 (22. Bxf6 Qxa3 23. Ra1 Qg3 $8 {The saving
square.} 24. Bd4 Qd6 $11) 22... Ra8 $1 {[%mdl 256] Nice active defense.} (22...
Ne8 23. Rd1 $16) 23. Nb1 (23. Bxf6 gxf6 (23... Qxa3 24. Bxg7 Qxc3 25. Bxc3 Ra2
26. Rc1 $14) 24. Ra1 (24. Nb1 Qa1 $13) 24... Qa7 $132) 23... Ne8 24. Rd1 Qb5
25. Qb2 c5 (25... c5 26. bxc5 Qxb2 27. Bxb2 Bxc5 28. Nc3 $11) 1/2-1/2

[Event "Enghien les Bains 3rd"]
[Site "Enghien les Bains"]
[Date "1999.03.10"]
[Round "7"]
[White "Bologan, Viktor"]
[Black "Tkachiev, Vladislav"]
[Result "1-0"]
[WhiteElo "2608"]
[BlackElo "2634"]
[Annotator "Wedberg,T"]
[PlyCount "78"]
[EventDate "1999.03.03"]
[EventType "tourn"]
[EventRounds "9"]
[EventCountry "FRA"]
[EventCategory "15"]
[SourceTitle "CBM 070"]
[Source "ChessBase"]
[SourceDate "1999.06.08"]
[SourceVersion "1"]
[SourceVersionDate "1999.06.08"]
[SourceQuality "1"]

{[%mdl 8]} 1. e4 e5 2. Nf3 Nc6 3. Bb5 a6 4. Ba4 Nf6 5. O-O b5 6. Bb3 Bc5 7. a4
Rb8 8. c3 d6 9. d4 Bb6 10. Na3 O-O 11. axb5 axb5 12. Nxb5 exd4 13. cxd4 Bg4 14.
Ra4 $146 {A new move in a very young line.} (14. Re1 d5 15. exd5 Nxd5 16. h3
Bh5 17. g4 Bg6 18. Nc3 Ndb4 19. Bg5 Qd7 20. d5 Qd6 $2 (20... Na5 $5) 21. Kf1 $3
$14 {1-0 Anand,V-Oll,L/Belgrade 1999/CBM 69/[Tyomkin,D] (39)}) (14. Bc2 d5 15.
Bg5 (15. e5 Ne4 16. Be3 f6 $44 {1/2-1/2 Morozevich,A-Georgiev,K/Porz GER 1998 
(63)}) 15... Bxf3 16. Qxf3 Bxd4 17. exd5 Qxd5 18. Qxd5 {1/2-1/2 Almasi,Z-Piket,
J/Groningen NED 1998 (18)}) 14... Re8 (14... Nxe4 15. d5 (15. Bd5 Qe8 16. Qc2
Ne7 17. Bxe4 Qxb5 18. Bxh7+ Kh8 19. Be4 $16) 15... Nxf2 16. Rxf2 Bxf3 17. gxf3
Bxf2+ 18. Kxf2 Ne5 19. Nd4 $16) 15. Re1 Qd7 (15... Rxe4 16. Rxe4 Nxe4 17. Bd5
Qe8 18. Qc2 Bxf3 19. gxf3 Ne7 20. Nxc7 Bxc7 21. Bxe4 $16) 16. Bc2 d5 17. e5 Ne4
18. Nc3 {One more calm move and White would be a clear P up. Black has to act
quickly.} Nxe5 $5 19. dxe5 $5 {A daring response. White sacrifices a lot of
material to get an attack in the end.} (19. Nxe4 dxe4 (19... Nxf3+ 20. gxf3 Bf5
21. Nc5 Rxe1+ 22. Qxe1 Bxc5 23. Bxf5 Qxa4 24. dxc5 $16) 20. Nxe5 (20. dxe5 exf3
21. gxf3 Qxd1 22. Bxd1 Bf5 $11) 20... Rxe5 21. Qd2 Rd5 $11) 19... Bxf3 (19...
Bxf2+ 20. Kh1 Bxe1 21. Qxe1 Bxf3 22. gxf3 Nxc3 23. Qxc3) 20. Qxf3 (20. gxf3
Nxf2 21. Qxd5 Nd3+ 22. Re3 Qxd5 23. Nxd5 Bxe3+ 24. Bxe3 Nxe5 $11) 20... Bxf2+
21. Kh1 Nxc3 $2 {Black voluntarily opens the roads to his K.} (21... Bxe1 $1
22. Nxe4 dxe4 23. Qxe4 Bd2 $1 {I haven't found any win for White here.} 24.
Qxh7+ (24. Rd4 $2 Qxd4 25. Qxd4 Bxc1 $17) 24... Kf8 25. Qh8+ Ke7 26. Qh4+ (26.
Qxg7 Rb6 27. Qg3 Qb5 28. Qh4+ Kf8 29. Qh8+ Ke7 30. Qh4+ $11) 26... Kf8 (26...
g5 27. Qf2 Bxc1 28. Qc5+ Kd8 29. Rd4 $18) 27. Qh8+ $11) 22. Rg4 $3 {This
brilliant R-switch gives White a strong attack.} Bxe1 (22... Ne4 23. Rgxe4 dxe4
24. Qxf2 $16) 23. Bh6 $1 Qxg4 {The only defence.} (23... Ne4 24. Rxg7+ Kh8 25.
Bxe4 $18) (23... f5 24. exf6 g6 25. Bxg6 hxg6 26. Rxg6+ Kh7 27. Qh5 $18) 24.
Qxg4 g6 25. Qf3 $1 $18 Bh4 26. Qxc3 {This is clearly very good for White, but
there is a strange feature about this material balance. White might feel that
he is a piece up, but in effect both parties have three pieces each.} d4 27.
Qxd4 Bf6 28. Bf4 Re6 29. h3 Bg7 30. Bb3 $1 Reb6 31. Bc4 Rxb2 32. Qd7 Rf8 33.
Qxc7 h6 34. Qc6 g5 35. Be3 Rb1+ 36. Bg1 Rd8 {[%cal Yd8d1,Yd1g1] Black is
flexing his R-muscles.} 37. Be2 (37. Bxf7+ Kxf7 38. Qc7+ Ke8 39. Qxg7 Rdd1 40.
e6 $18) 37... Re1 38. Qb5 Rd2 39. e6 $4 {This must be timepressure.} (39. Bh5
Rxe5 40. Qb8+ Kh7 41. Bxf7 $18) 39... fxe6 $4 (39... Rdxe2 $1 40. Qe8+ Kh7 41.
Qxf7 Rxe6 $17) 1-0